| 000 | 00568nam a2200145Ia 4500 | ||
|---|---|---|---|
| 008 | 100122s9999 xx 000 0 und d | ||
| 082 |
_b25074 _a823.08 |
||
| 100 | _aबोरकर लक्ष्मीदास | ||
| 245 | _aखुनी नंदकिशोरी आणि इतर कथा | ||
| 260 |
_bप्रिया प्रकाशन _c1977 |
||
| 300 | _a199 | ||
| 630 | _aखुनी नंदकिशोरी आणि इतर कथा | ||
| 730 | _aखुनी नंदकिशोरी आणि इतर कथा | ||
| 942 | _cBOOK | ||
| 999 |
_c412067 _d412064 |
||